00394nam a2200157Ia 4500008004100000020001500041041001200056082001600068100001600084245006100100250000800161260002500169300000900194650001500203700001800218221030s9999 xx 000 0 und d a812031235X aEnglish a105.23bLev aR. I. Levin 0aStatistics For Managementcby R. I. Levin, David S Rubin a7th bPHIaNew Delhic2004 a1026 aManagement aDavid S Rubin